| 000 | 00405nam a2200157Ia 4500 | ||
|---|---|---|---|
| 008 | 151213s9999 xx 000 0 und d | ||
| 100 | _aMd.Abul kalam Azad | ||
| 245 |
_aThe Code of Criminal Procedure _cMd.Abul kalam Azad |
||
| 250 | _a1st | ||
| 260 |
_aDhaka _bAdrash Law Book House _c2005 |
||
| 300 | _a2887 p. | ||
| 650 | _aLaw | ||
| 650 | _aLaw | ||
| 700 | _aMd.Abul kalam Azad | ||
| 999 |
_c1979 _d1979 |
||